| 000 -LEADER |
| fixed length control field |
00825cam a2200229 a 4500 |
| 001 - CONTROL NUMBER |
| control field |
800 |
| 003 - CONTROL NUMBER IDENTIFIER |
| control field |
BD-DhUAP |
| 005 - DATE AND TIME OF LATEST TRANSACTION |
| control field |
20210111113408.0 |
| 008 - FIXED-LENGTH DATA ELEMENTS--GENERAL INFORMATION |
| fixed length control field |
201231s1992 ii abf b f000 0 eng |
| 040 ## - CATALOGING SOURCE |
| Original cataloging agency |
BD-DhUAP |
| Transcribing agency |
BD-DhUAP |
| Modifying agency |
BD-DhUAP |
| Language of cataloging |
Eng |
| 082 ## - DEWEY DECIMAL CLASSIFICATION NUMBER |
| Classification number |
004.16 MIC |
| Edition number |
23 |
| 245 ## - TITLE STATEMENT |
| Title |
Microprocessor data hand book : |
| Remainder of title |
TTL-CMOS, linear I.C.'s, memory chips, analog devices, 8/16/32 bit CPUs, voltage regulator I.C.'s, clock/calculator I.C.'s / |
| Statement of responsibility, etc. |
compiled by A. K. Jain. |
| 250 ## - EDITION STATEMENT |
| Edition statement |
2nd rev. ed. |
| 260 ## - PUBLICATION, DISTRIBUTION, ETC. |
| Place of publication, distribution, etc. |
New Delhi : |
| Name of publisher, distributor, etc. |
BPB, |
| Date of publication, distribution, etc. |
c1992. |
| 300 ## - PHYSICAL DESCRIPTION |
| Extent |
xi, 667 pages : |
| Other physical details |
illustrations ; |
| Dimensions |
24 cm. |
| 504 ## - BIBLIOGRAPHY, ETC. NOTE |
| Bibliography, etc. note |
Includes bibliographical references and index. |
| 650 ## - SUBJECT ADDED ENTRY--TOPICAL TERM |
| Topical term or geographic name entry element |
Microprocessors. |
| 650 ## - SUBJECT ADDED ENTRY--TOPICAL TERM |
| Topical term or geographic name entry element |
Computer science. |
| 700 ## - ADDED ENTRY--PERSONAL NAME |
| Personal name |
Jain, Mr. A. K. |
| 942 ## - ADDED ENTRY ELEMENTS (KOHA) |
| Source of classification or shelving scheme |
|
| Koha item type |
Book |